000 00954nas a2200325 4500
001 BR0302535
003 BR-BrBNA
005 20231205103817.0
007 ta
008 230509b bl.|||p| |||| 00| 00por d
040 _aBR-BrBNA
_bpor
_cBiblioteca Nacional de Agricultura
041 _a(Pt)
072 _aF01; F08
100 1 _aGrangeiro, L.C.
100 1 _aCosta, C.C.
100 1 _aCecílio Filho, A.B.
100 1 _aGrilli, G.V.G.
100 1 _aCoelho, R.L.
100 1 _aBergamin, L.G.
245 1 _aProdução de rúcula em hidroponia com diferentes concentrações de cobre
650 _aRÚCULA
650 _aCOBRE
650 _aCULTIVO HIDROPÔNICO
650 _aSOLUÇÃO NUTRITIVA
650 _aNUTRIÇÃO VEGETAL
650 _aSÃO PAULO
773 0 _tHorticultura Brasileira (Brazil)
_xISSN 0102-0536
_g(Jan-Mar 2003), v. 21(1) p. 69-72
_wBR0302535
909 _a202311
_bLúcia
_c55
_dLúcia Elande
942 _2AGRIS
_n0
_cANA
999 _c174845
_d174845